000 00709nam a2200253Ia 4500
003 OSt
005 20221005072617.0
006 a|||||r|||| 00| 0
007 ta
008 221004b |||||||| |||| 00| 0 eng d
020 _a8178881608 (hbk)
024 _a26420
037 _bGift, 05/05/2016,
_cTextual
040 _aCRL
_cCRL
_beng
041 _2eng
_aeng
082 _aY15-31.2, P4
100 _aPrabhakar Vani
_9607297
245 0 _aWomen in rural India
260 _aNew Delhi
_bDominant Publisher and Distributor India
_c2004
300 _a302p.
_ccm.
650 _aSOCIOLOGY
942 _hY15-31.2, P4
_cTEXL
_2cc
999 _c979722
_d979722